<?xml version="1.0" encoding="UTF-8" ?>
<collection xmlns="http://www.loc.gov/MARC21/slim"><record><leader>00867nam a2200193 c 4500</leader><controlfield tag="001">172018</controlfield><controlfield tag="003">Zü176</controlfield><controlfield tag="005">20170727144358.0</controlfield><datafield tag="035" ind1=" " ind2=" "><subfield code="a">(OCoLC)938804035</subfield></datafield><datafield tag="041" ind1=" " ind2=" "><subfield code="a">fre</subfield></datafield><datafield tag="100" ind1="1" ind2="0"><subfield code="a">Vallet, Édouard</subfield></datafield><datafield tag="245" ind1="0" ind2="0"><subfield code="a">Brief, Savièse le 21 Janvier 1917, Secrétariat Kunsthaus, Zürich</subfield><subfield code="b">Monsieur le Secrétaire, ...</subfield><subfield code="c">Vous en remerciant à l&apos;avance, je vous prie d&apos;agréer, Monsieur, les assurances de ma parfaite considération Edouard Vallet Savièse s/Sion</subfield><subfield code="h">Manuskript</subfield></datafield><datafield tag="260" ind1=" " ind2=" "><subfield code="a">Savièse</subfield><subfield code="c">1917</subfield></datafield><datafield tag="300" ind1=" " ind2=" "><subfield code="a">1 Blatt</subfield><subfield code="c">17,7 x 11 cm</subfield></datafield><datafield tag="600" ind1="1" ind2="7"><subfield code="a">Vallet, Édouard</subfield><subfield code="d">1876-1929</subfield><subfield code="x">Brief</subfield><subfield code="x">Handschrift</subfield><subfield code="2">gnd</subfield></datafield><datafield tag="610" ind1="2" ind2="7"><subfield code="a">Kunsthaus Zürich</subfield><subfield code="x">Ausstellung</subfield><subfield code="x">Geschäftsbrief</subfield><subfield code="2">gnd</subfield></datafield><datafield tag="710" ind1="2" ind2="0"><subfield code="a">Kunsthaus Zürich</subfield><subfield code="e">Adressat</subfield></datafield><datafield tag="852" ind1="4" ind2="0"><subfield code="a">CH-000273-5</subfield><subfield code="c">10.30.30.163a.vallet.19170121</subfield></datafield><datafield tag="856" ind1="4" ind2="1"><subfield code="u">https://digital.kunsthaus.ch:443/viewer/image/172018/1/</subfield><subfield code="y">Kunsthaus Zürich Sammlungen online</subfield></datafield></record></collection>